000 00524nam a2200193Ia 4500
005 20250326141329.0
008 250326s9999 xx 000 0 und d
020 _a0-415-07156-9
037 _aTextbook
040 _aFMSL
_beng
_cFMSL
041 _aeng
_2eng
084 _aX N4
_qFMSL
100 _aDietrich Michael
_9289737
245 0 _aTransaction cost economics and beyond
_cDietrich Michael
260 _aNY
_bNY, Routledge
_c1994
300 _axii,214
942 _cTB
_hX N4
999 _c1289806
_d1289806